000 00361 a2200157 4500
001 75705
020 _a8585466316 (broch.)
040 _cAnchieta - Colégio São Paulo
100 _aAzevedo, Ricardo
240 1 0 _aAviãozinho de papel
_l
245 1 0 _aAviãozinho de papel
300 _a23
362 0 _a2004
650 4 _aLiteratura juvenil
942 _cBK
999 _c75705
_d75705